Statistics for SS Lazio Squad 2020-2021

Click here to take the quiz!

General Stats

  • This quiz has been taken 27 times
    (17 since last reset)
  • The average score is 21 of 34

Answer Stats

#PositionNationPlayer% Correct
1GKAlbaniaThomas Strakosha
100%
6MFBrazilLucas Leiva
88%
10MFSpainLuis Alberto
88%
19MFBosnia and HerzegovinaSenad Lulić
88%
77DFMontenegroAdam Marušić
75%
17FWItalyCiro Immobile
75%
20FWEcuadorFelipe Caicedo
75%
33DFItalyFrancesco Acerbi
75%
11FWArgentinaJoaquín Correa
75%
96MFAlgeriaMohamed Fares
75%
4DFSpainPatric
75%
25GKSpainPepe Reina
75%
21MFSerbiaSergej Milinković-Savić
75%
26DFRomaniaStefan Radu
75%
94FWKosovoVedat Muriqi
75%
14DFNetherlandsWesley Hoedt
75%
93DFSlovakiaDenis Vavro
63%
3DFBrazilLuiz Felipe
63%
16MFItalyMarco Parolo
63%
24GKBelgiumSilvio Proto
63%
7MFBrazilAndreas Pereira
50%
32MFItalyDanilo Cataldi
50%
18MFArgentinaGonzalo Escalante
50%
92MFIvory CoastJean-Daniel Akpa-Akpro
50%
29MFItalyManuel Lazzari
50%
37DFArgentinaMateo Musacchio
50%
-CoachItalySimone Inzaghi
50%
8MFNetherlandsDjavan Anderson
38%
13DFItalyNicolò Armini
38%
64DFDenmarkRiza Durmisi
38%
63MFItalyDavide Di Gennaro
25%
71GKAlbaniaMarco Alia
25%
80MFMoroccoSofian Kiyine
25%
62MFPortugalMadiu Bari
0%

Score Distribution

Percentile by Number Answered

Percent of People with Each Score

Your Score History

You have not taken this quiz since the last reset